000 00638nam a2200277Ia 4500
005 20260324141859.0
008 008 260324s9999 xx 000 0 eng d
020 _a9781315005249
037 _aEBOOK
040 _aCRL
040 _beng
040 _cCRL
041 _2eng
041 _aeng
084 _qCRL
100 _aV. Gordon Childe
_91159756
245 4 _aThe Dawn of European Civilization
260 _bTaylor and Francis
260 _c1996
365 _a
365 _b240
856 _uhttp://www.taylorfrancis.com/books/9781315005249
942 _cEBOOK
999 _c1813420
_d1813420